00339nam a2200145Ia 45000030006000000080041000060400015000471000023000622450033000852500006001182600032001243000006001565460014001620050017001760STCL150530s9999 xx 000 0 und d aSTCLcSTCL aCalicut University aAadhunika Gadhya Mathrukakal a1 bUniveristy of Calicutc1982 a0 aMalayalam20220125171734.0